00979cam a22003137a 45000010005000000030006000050050017000110080041000280100017000690200025000860200022001110200018001330400030001510500015001810820013001961000017002092450049002262600035002753000047003104900031003575000029003885050007004175200083004245210018005075210019005256500055005446500034005997000032006336794FISKH20250528142010.0130131s2012 nyua j 000 0 eng d a 2012289538 a9780545385565 (pbk.) a0545385563 (pbk.) a9780545385565 aCQFcCQFdOCLCOdDLCbeng aQL761 .S78 a599.056 1 aRoop, Peter.10aAnimal families /cby Peter and Connie Roop. aNew York :bScholastic,c2012. a31 pages : bcolor illustrations ; c23 cm1 aScholastic reader. Level 1 aNumber of words: 50-150. aG  aText and pictures present the names of families of different kinds of animals.8 a360 bLexile 8 aG bRaz-Plus  0aFamilial behavior in animalsvJuvenile literature. 0aAnimalsvJuvenile literature.1 aRoop, Connie.eillustrator